| Tag |
First Indicator |
Second Indicator |
Subfields |
| LEADER |
00000cam a2200000 a 4500 |
| 001 |
in00000972703 |
| 005 |
20150927111210.0 |
| 008 |
900319s1990 mnub b s00110 eng |
| 010 |
|
|
|a 90033751
|
| 020 |
|
|
|a 0816618437
|
| 020 |
|
|
|a 0816618445 (pbk.)
|
| 035 |
|
|
|a (OCoLC)21330127
|
| 035 |
|
|
|9 AEW0723AM
|
| 040 |
|
|
|a DLC
|c DLC
|d TXA
|d UtOrBLW
|
| 043 |
|
|
|a e-yu---
|
| 049 |
|
|
|a TXAM
|
| 050 |
0 |
0 |
|a HX365.5.A6
|b D46 1990
|
| 082 |
0 |
0 |
|a 335/.009497
|2 20
|
| 100 |
1 |
|
|a Denitch, Bogdan Denis.
|
| 245 |
1 |
0 |
|a Limits and possibilities :
|b the crisis of Yugoslav socialism and state socialist systems /
|c Bogdan Denitch.
|
| 264 |
|
1 |
|a Minneapolis :
|b University of Minnesota Press,
|c [1990]
|
| 264 |
|
4 |
|c ©1990
|
| 300 |
|
|
|a xxix, 158 pages :
|b map ;
|c 23 cm.
|
| 336 |
|
|
|a text
|b txt
|2 rdacontent
|
| 337 |
|
|
|a unmediated
|b n
|2 rdamedia
|
| 338 |
|
|
|a volume
|b nc
|2 rdacarrier
|
| 504 |
|
|
|a Includes bibliographical references (pages 147-149) and index.
|
| 650 |
|
0 |
|a Socialism
|z Yugoslavia.
|
| 651 |
|
0 |
|a Yugoslavia
|x Politics and government
|y 1980-1992.
|
| 651 |
|
0 |
|a Yugoslavia
|x Economic policy
|y 1945-1992.
|
| 999 |
|
|
|a MARS
|
| 999 |
f |
f |
|s ad632a87-a84b-373f-bd64-715a0d84646d
|i 7396fbd1-b241-305e-ad83-baad651c912e
|t 0
|
| 952 |
f |
f |
|p ric
|a Texas A&M University
|b Rellis Campus
|c Joint Library Facility
|d Remote Storage
|t 0
|e HX365.5.A6 D46 1990
|h Library of Congress classification
|i unmediated -- volume
|m A14811145739
|
| 998 |
f |
f |
|a HX365.5.A6 D46 1990
|t 0
|l Remote Storage
|